| 000 | 00576nam a2200193 u 4500 | ||
|---|---|---|---|
| 005 | 20240910064039.0 | ||
| 008 | 130613s2002 mx r 000 0 spa d | ||
| 020 | _a9686080376 | ||
| 035 | _aUPN01000191572 | ||
| 049 | _aCG | ||
| 050 | 4 |
_aJF1355 _bA5.7 |
|
| 245 | 0 | 0 |
_aAntología sobre teoría de la administración pública / _ccomp. Luis Miguel Martínez Anzures. |
| 260 |
_aMéxico : _bINAP, _c2002. |
||
| 300 | _a224 p. | ||
| 650 | 4 |
_aAdministración pública _9637 |
|
| 700 | 1 |
_aMartínez Anzures, Luis Miguel, _ecomp. _934090 |
|
| 905 | _aLibro | ||
| 999 |
_c163675 _d163675 |
||